Villes du Languedoc - Statistiques

Statistiques générales
  • Ce quiz a été pris 97 fois
  • Le résultat moyen est 12 sur 27
Statistiques - réponses
Ville Population % Correct
Montpellier 302 454
97%
Nîmes 148 104
89%
Toulouse 504 078
87%
Béziers 80 341
83%
Narbonne 56 395
82%
Carcassonne 46 218
79%
Sète 44 712
70%
Albi 49 714
63%
Alès 43 892
63%
Agde 29 103
54%
Castres 42 672
54%
Lunel 26 185
53%
Castelnau-le-Lez 24 888
43%
Frontignan 23 808
37%
Blagnac 26 466
32%
Colomiers 40 159
26%
Mauguio 16 596
26%
Beaucaire 15 680
24%
Bagnols-sur-Cèze 18 248
21%
Lattes 17 544
21%
Le Puy-en-Velay 18 269
17%
Tournefeuille 29 439
17%
Gaillac 15 663
14%
Balma 17 385
13%
Annonay 16 873
12%
Cugnaux 20 341
12%
Plaisance-du-Touch 19 944
11%
Aucun quiz correspondant
Distribution des résultats
% des personnes avec chaque résultat
Percentile par nombre de réponses
Votre historique - résultats
Vous n’avez pas pris ce quiz